FAUNAL DIVERSITY OF BIOGEOGRAPHIC ZONE OF INDIA:WESTERN GHATS/ (Record no. 200761)
[ view plain ]
| 000 -LEADER | |
|---|---|
| fixed length control field | 00943nam a22002657a 4500 |
| 005 - DATE AND TIME OF LATEST TRANSACTION | |
| control field | 20240216115824.0 |
| 010 ## - LCCN (DPL NO) | |
| LC control number | ENG-139283 EN-122815 |
| 020 ## - INTERNATIONAL STANDARD BOOK NUMBER | |
| Terms of availability | 5995.00 |
| International Standard Book Number | 9788181715661 |
| 035 ## - SYSTEM CONTROL NUMBER | |
| System control number | EN-139283 |
| 035 ## - SYSTEM CONTROL NUMBER | |
| System control number | EN-122815 |
| 037 ## - SOURCE OF ACQUISITION | |
| Source of stock number/acquisition | CHA/PUB |
| 082 ## - DEWEY DECIMAL CLASSIFICATION NUMBER | |
| Classification number | 591.954 |
| 100 ## - MAIN ENTRY--PERSONAL NAME | |
| Personal name | CHANDRA KAILASH |
| Fuller form of name | KAILASH CHANDRA |
| 245 ## - TITLE STATEMENT | |
| Title | FAUNAL DIVERSITY OF BIOGEOGRAPHIC ZONE OF INDIA:WESTERN GHATS/ |
| Statement of responsibility, etc | KAILASH CHANDRA; |
| Remainder of title | ZOOLOGICAL SURVEY OF INDIA |
| Medium | ENGLISH |
| 260 ## - PUBLICATION, DISTRIBUTION, ETC. (IMPRINT) | |
| Place of publication, distribution, etc | KOLKATA |
| Name of publisher, distributor, etc | ZOOLOGICAL SURVEY OF INDIA |
| Date of publication, distribution, etc | 2020 |
| 270 ## - ADDRESS | |
| City | NEW ALIPORE |
| Address | M-BLOCK,NEW ALIPORE,KOLKATA-700053 |
| Postal code | 700053 |
| 300 ## - PHYSICAL DESCRIPTION | |
| Extent | 744p. |
| Dimensions | 30cm(pb) |
| 500 ## - GENERAL NOTE | |
| General note | Principles, Concepts, and Applications What, Why and How |
| 700 ## - ADDED ENTRY--PERSONAL NAME | |
| Personal name | CHANDRA KAILASH |
| 9 (RLIN) | 61814 |
| Relator term | Author |
| 700 ## - ADDED ENTRY--PERSONAL NAME | |
| Personal name | RAGHUNATHAN C. |
| 9 (RLIN) | 61887 |
| 700 ## - ADDED ENTRY--PERSONAL NAME | |
| Personal name | SURESHAN P.M. |
| 9 (RLIN) | 62110 |
| 700 ## - ADDED ENTRY--PERSONAL NAME | |
| Personal name | SUBRAMANIAN K.A. |
| 9 (RLIN) | 62111 |
| 700 ## - ADDED ENTRY--PERSONAL NAME | |
| Personal name | N.RIZVI ANJUM |
| 9 (RLIN) | 62112 |
| 942 ## - ADDED ENTRY ELEMENTS (KOHA) | |
| Source of classification or shelving scheme | Dewey Decimal Classification |
| Item type | English Books |
| Classification part | 591.954 |
| Withdrawn status | Lost status | Not for loan | Collection code | Home library | Current library | Date acquired | Source of acquisition | Cost, normal purchase price | Full call number | Barcode | Copy number | Cost, replacement price | Koha item type |
|---|---|---|---|---|---|---|---|---|---|---|---|---|---|
| Not For Loan | Reference | Sarojini Nagar | Sarojini Nagar | 15/02/2024 | DBAD/PUB | 5995.00 | 591.954 CHA | EN-122815 | 1 | 5995.00 | English Books |
